[Event "Panama op 3rd"]
[Site "Panama City"]
[Date "2013.11.05"]
[Round "9"]
[White "Arosemena, Jorge Luis"]
[Black "Alvarez, Walter Danilo"]
[Result "1-0"]
[WhiteElo "2121"]
[BlackElo "1963"]
[PlyCount "39"]
[EventDate "2013.10.30"]
[EventType "swiss"]
[EventRounds "9"]
[EventCountry "PAN"]
[SourceTitle "EXT 2014"]
[Source "ChessBase"]
[SourceDate "2013.11.20"]
[SourceVersion "1"]
[SourceVersionDate "2013.11.20"]
[SourceQuality "1"]

1. e4 e5 2. Nf3 Nf6 3. Nxe5 Qe7 4. d4 Nxe4 5. Bd3 d5 6. 0-0 Be6 7. c4 g6 8. cxd5 Bxd5 9. Bxe4 Bxe4 10. Re1 Bxb1 11. Rxb1 Kd8 12. Nxg6 hxg6 13. Rxe7 Bxe7 14. Qb3 Nd7 15. Qxb7 Rb8 16. Qf3 Bf8 17. Bf4 Rh5 18. Rc1 Rxb2 19. Bxc7+ Ke7 20. Qa3+ 1-0